书目信息 |
| 题名: |
生活汉语—中级口语
|
|
| 作者: | 连吉娥 主编 ;马小雷 编著 | |
| 分册: | 下册 | |
| 出版信息: | 北京 北京大学出版社 2005 |
|
| 页数: | 188页 | |
| 开本: | 26cm | |
| 丛书名: | 北大版民族地区汉语教材·口语教程系列 | |
| 单 册: | ||
| 中图分类: | H193.2 | |
| 科图分类: | ||
| 主题词: | 汉语--口语--少数民族教育--教材 , 口语 | |
| 电子资源: | ||
| ISBN: | 7-301-07735-1 | |
| 000 | 00980oam2 2200289 45 | |
| 001 | 060000036546 | |
| 005 | 20051206150647.62 | |
| 010 | @a7-301-07735-1@dCNY17.00 | |
| 092 | @aCN | |
| 100 | @a20050714d2005 ekmy0chiy0120 ea | |
| 101 | 0 | @achi |
| 102 | @aCN@b110000 | |
| 105 | @aa z 000yy | |
| 200 | 1 | @a生活汉语—中级口语@Asheng huo han yu—zhong ji kou yu@h下册@f连吉娥主编@Flian ji e zhu bian@g马小雷等编著 |
| 210 | @a北京@c北京大学出版社@d2005 | |
| 215 | @a188页@c图@d26cm | |
| 225 | 2 | @a北大版民族地区汉语教材·口语教程系列 |
| 330 | @a本书以汉语的交际功能为主线设计了不同场景的会话内容,注释课文中的难点词汇与语言点,解析难点句子并编制练习等。 | |
| 461 | 0 | @12001 @a北大版民族地区汉语教材·口语教程系列 |
| 606 | 0 | @a汉语@x口语@x少数民族教育@j教材 |
| 606 | 0 | @a口语 |
| 690 | @aH193.2@v4 | |
| 701 | 0 | @a连吉娥@Alian ji e@4主编 |
| 702 | 0 | @a马小雷@Ama xiao lei@4编著 |
| 801 | 0 | @aCN@bCXYBOOK@c20051206 |
| 905 | @a10447@dH193.2@e169:2 | |
| 999 | @aYYW@eDF | |
| 生活汉语—中级口语.下册/连吉娥主编/马小雷等编著.-北京:北京大学出版社,2005 |
| 188页:图;26cm.-(北大版民族地区汉语教材·口语教程系列) |
| ISBN 7-301-07735-1:CNY17.00 |
| 本书以汉语的交际功能为主线设计了不同场景的会话内容,注释课文中的难点词汇与语言点,解析难点句子并编制练习等。 |
| ● |
| 相关链接 |
|
|
|
|
正题名:生活汉语—中级口语
索取号:H193.2/169:2
 
预约/预借
| 序号 | 登录号 | 条形码 | 馆藏地/架位号 | 状态 | 备注 |
| 1 | 0370490 | 203704900 | 第二样本阅览室/ [索取号:H193.2/169:2] | 在馆 | |
| 2 | 0370491 | 203704919 | 第四借阅区/ [索取号:H193.2/169:2] | 在馆 | |
| 3 | 0370492 | 203704928 | 第四借阅区/ [索取号:H193.2/169:2] | 在馆 |